000 00545nam a2200169 a 4500
001 000031335
005 20200930062846.0
008 110620s1917 dr 000 0 spa d
040 _aDO-SdBNP
_bspa
_cBNPHU
082 _axxxx
_bR426
110 1 _aRepública Dominicana.
_bSecretaría de Estado de Fomento y Comunicación
_956490
245 1 0 _aPatentes de invención.
260 _aSanto Domingo :
_bTip. El progreso de Emiliano Espinal,
_c1917.
300 _a21 p. ;
_c24 cm.
500 _aPublicada en la Gaceta oficial No.2194
049 _aBNPD
999 _c30827
_d30827